000
00305nam a2200121Ia 4500
005
20251222154358.0
008
251222s9999||||xx |||||||||||||| ||spa||
082
_a
828.8/L15
100
_a
"Lafcadio Hearn, Patrick"
245
0
_a
Kwaidan: Cuentos fantásticos del Japón
250
_a
3a.ed.
942
_c
LIB
999
_c
35182
_d
35182